000 00634nam a22002177a 4500
003 UA-OsUOA
001 83831
007 ta
008 20120507b un ||||| |||| 00| 0 ukr d
100 _aСітькова І.
090 _a82
_bС41
942 _cSA
040 _aUA-OsUOA
_bukr
_cUA-OsUOA
_dUA-OsUOA
245 _aЖиттєвий і творчий шлях Володимира Винниченка. Новелла "Момент" (10 клас)
300 _aС.13-16
955 _a0
041 _aukr
080 _a82
773 0 _w83829
650 7 _a82 Література. Літературознавство
_2UDC
999 _c370134
_d370134